Geographie nach Buchstabe - B - Statistiken

Allgemein
  • Dieses Quiz wurde 17.295 mal gespielt
    17.290 seit der letzten Aktualisierung
  • Das Durchschnittsergebnis liegt bei 12 aus 22
Antwortstatistiken
Hinweis Antwort % Korrekt
Hauptstadt Deutschlands Berlin
100%
Deutsches Bundesland bekannt für sein Oktoberfest Bayern
92%
Hauptstadt Rumäniens Bukarest
78%
Spitzname der Filmindustrie Mumbais Bollywood
77%
Hauptstadt des Iraks Bagdad
74%
Estland, Lettland, Litauen Baltikum
74%
Land in Zentralamerika Belize
73%
Hauptstadt von Kolumbien Bogotá
70%
Land, das südlich von Ruanda liegt Burundi
67%
Halbinsel Albaniens, Mazedoniens, Griechenlands, ... Balkan
59%
Gastgeber der Olympischen Sommerspiele 1992 Barcelona
57%
Diese Straße trennt Russland von Alaska Bering
53%
Italienische Stadt, Heimat der Tortellini Bologna
53%
Anderer Name für Myanmar Birma
51%
Spanische Stadt mit einem Guggenheim-Museum Bilbao
41%
Insel, die von Brunei, Malaysia und Indonesien geteilt wird Borneo
38%
Antike Stadt, die in der Nähe von ^ lag Babylon
37%
Hauptstadt von Queensland Brisbane
31%
Berühmtes Balletttheater in Moskau Bolschoi
25%
Höchster Berg Großbritanniens Ben Nevis
15%
Ältester Nationalpark Kanadas Banff
12%
Langsam fließendes Gewässer, häufig in Louisiana anzutreffen Bayou
9%
Keine übereinstimmenden Quizze gefunden
Verteilung der Resultate
Anzahl Personen mit jedem Resultat
Perzentil nach korrekt beantworteten Fragen
Ihre Resultats-Entwicklung
Sie haben dieses Quiz seit der letzten Aktualisierung nicht gespielt